| 000 | 00681nam a22002297a 4500 | ||
|---|---|---|---|
| 005 | 20170124105956.0 | ||
| 010 | _aA-612797 | ||
| 020 |
_c00.00 _a81701874271 |
||
| 035 | _aA-612797 | ||
| 037 | _bCen Lib/Ret | ||
| 040 |
_aDPL _bEN |
||
| 082 |
_a362.29 _bKAU |
||
| 100 |
_aKual, Kumar _914781 |
||
| 245 |
_aYoga and drug addiction / _cby H. Kumar Kaul |
||
| 260 |
_a Delhi _bB.R publishing corporation _c1993 |
||
| 270 |
_b Delhi _a1, Ansari road daryaganj |
||
| 300 |
_axvi,154p. _c21cm(Hb) |
||
| 500 | _aIncludes index | ||
| 650 |
_aDrugs evaluation and rehabilitaions _914782 |
||
| 650 |
_aYouth and society _914783 |
||
| 942 |
_2ddc _cEN _h362.29 _mKAU |
||
| 999 |
_c125564 _d125564 |
||